| 000 | 00915nam a2200229Ia 4500 | ||
|---|---|---|---|
| 003 | IN-BaIIA | ||
| 008 | 211028s9999 xx s 000 0 eng d | ||
| 020 | _a978-1-107-19253-9 (Print) | ||
| 022 | _a1743-9213 (Print) | ||
| 022 | _a1743-9221 (Online) | ||
| 040 | _cIIA Library | ||
| 100 |
_aWeltevrede, P., ed. _940727 |
||
| 245 | 0 |
_aPulsar Astrophysics the Next Fifty Years _h[eBook] |
|
| 260 |
_aCambridge _bCambridge University Press _c2018 |
||
| 300 | _aOnline resource | ||
| 490 | _aIAU Symposium; no. 337 | ||
| 700 |
_aPereda, B. B. P., ed. _940728 |
||
| 700 |
_aPreston, L. L., ed. _940729 |
||
| 700 |
_aSanidas, S., ed. _940730 |
||
| 856 |
_uhttps://www.cambridge.org/core/journals/proceedings-of-the-international-astronomical-union/issue/6F74DF05D124699248FDAA0CD7EDA165 _yClick Here to Access eBook |
||
| 942 | _cEB | ||
| 999 |
_c22046 _d22046 |
||